| 000 | 00417nam a2200157 i 4500 | ||
|---|---|---|---|
| 001 | 62109 | ||
| 003 | ES-MaACL | ||
| 005 | 20230906164617.0 | ||
| 007 | t| | ||
| 008 | 031118q19001999sp ||||1| spa d | ||
| 100 | 1 |
_aFaure, Sébastien. _948967 |
|
| 245 | 1 | 3 |
_aEl dolor universal / _cSébastien Faure. |
| 260 |
_aValencia : _b[s.n., _c19--?] ( _fP. Sancho) |
||
| 300 |
_a2 v. ; _c19 cm. |
||
| 852 |
_aES-MaACL _jF-10968-9 |
||
| 999 |
_c62109 _d62109 |
||